[Event "AUTO-OPEN-2337"]
[Site "http://www.queenalice.com/game.php?id=928102"]
[Date "2011.4.20"]
[Round "1"]
[White "allynne_12"]
[Black "AG1"]
[Result "0-1"]
[WhiteElo "1712"]
[BlackElo "1854"]

1. e4 e5 2. d4 exd4 3. c3 dxc3 4. Bc4 cxb2 5. Bxb2 Qe7 6. Qd3 Nf6 7. Nc3 c6 8.
Nge2 b5 9. Bb3 b4 10. O-O bxc3 11. Nxc3 Ba6 12. Bc4 Bxc4 13. Qxc4 Ng4 14. h3 Ne5
15. Qe2 Qh4 16. Na4 Ng6 17. Rad1 Be7 18. Bxg7 Rg8 19. Qb2 f6 20. Qb7 Nf4 21.
Rxd7 Nxh3+ 22. Kh2 Nf4+ 23. Kg1 Ne2# 0-1

[Event "AUTO-OPEN-2337"]
[Site "http://www.queenalice.com/game.php?id=928103"]
[Date "2011.4.20"]
[Round "1"]
[White "AG1"]
[Black "allynne_12"]
[Result "1-0"]
[WhiteElo "1841"]
[BlackElo "1723"]

1. e4 e5 2. Nf3 d6 3. Nc3 c6 4. d4 exd4 5. Qxd4 Nd7 6. Bg5 Ngf6 7. Bc4 Be7 8.
O-O O-O 9. Rad1 Kh8 10. e5 c5 11. Qh4 Ng8 12. exd6 Bxg5 13. Nxg5 Nh6 14. Bxf7
Rxf7 15. Nxf7+ Nxf7 16. Qxd8+ Nxd8 17. Rfe1 Nf6 18. d7 h6 19. Re8+ Kh7 20. Rxd8
Nxd7 21. R1xd7 1-0

[Event "AUTO-OPEN-2337"]
[Site "http://www.queenalice.com/game.php?id=928132"]
[Date "2011.4.20"]
[Round "1"]
[White "AG1"]
[Black "rumplestiltskin"]
[Result "1-0"]
[WhiteElo "1852"]
[BlackElo "1287"]

1. e4 c5 2. Nf3 d6 3. Bb5+ Bd7 4. Bxd7+ Nxd7 5. O-O Ngf6 6. Qe2 a6 7. Nc3 g6 8.
d3 Bg7 9. Bf4 O-O 10. Rfe1 Nb6 11. Rad1 e5 12. Bg5 Re8 13. a4 a5 14. h3 Qd7 15.
b3 d5 16. exd5 Nfxd5 17. Nb5 Nf4 18. Bxf4 exf4 19. Qd2 Bh6 20. Rxe8+ Rxe8 21.
Qxa5 Nd5 22. c4 Nb4 23. d4 Nc6 24. Qd2 b6 25. dxc5 Qe7 26. cxb6 Ne5 27. Nxe5
Qxe5 28. a5 Kg7 29. Qd4 Qxd4 30. Nxd4 Bg5 31. b7 Be7 32. Nc6 Bc5 33. b8=Q Rxb8
34. Nxb8 Be7 35. a6 Bc5 36. Nc6 h5 37. a7 1-0

[Event "AUTO-OPEN-2337"]
[Site "http://www.queenalice.com/game.php?id=928133"]
[Date "2011.4.20"]
[Round "1"]
[White "rumplestiltskin"]
[Black "AG1"]
[Result "0-1"]
[WhiteElo "1100"]
[BlackElo "1793"]

1. e4 e5 2. f4 exf4 3. Bc4 Nf6 4. Nc3 c6 5. d4 Bb4 6. Qf3 Bxc3+ 7. bxc3 d5 8.
Bb3 Nxe4 9. Ne2 Qh4+ 10. g3 fxg3 11. Nxg3 O-O 12. O-O Bh3 13. Nf5 Bxf5 14. Qxf5
Nxc3 15. Qf3 Qxd4+ 16. Be3 Qe4 17. Qf4 Ne2+ 0-1

[Event "AUTO-OPEN-2337"]
[Site "http://www.queenalice.com/game.php?id=928134"]
[Date "2011.4.20"]
[Round "1"]
[White "AG1"]
[Black "Boeing"]
[Result "1-0"]
[WhiteElo "1878"]
[BlackElo "1866"]

1. e4 e5 2. Nf3 d6 3. d4 exd4 4. Nxd4 c5 5. Bb5+ Bd7 6. Bxd7+ Nxd7 7. Nf5 Qb6 8.
Nc3 Ngf6 9. O-O g6 10. Ng3 O-O-O 11. Re1 Ne5 12. b3 c4 13. Qe2 cxb3 14. cxb3 a6
15. Bg5 Be7 16. Bxf6 Bxf6 17. Nd5 Qd4 18. Nxf6 Nd3 19. Red1 Qxf6 20. Qxd3 Kb8
21. f3 h5 22. h3 h4 23. Ne2 Rhe8 24. Rac1 Qb2 25. Rc2 Qe5 26. Qd5 Qxd5 27. Rxd5
Re5 28. a4 b5 29. axb5 axb5 30. Rc6 Rxd5 31. exd5 Ka7 32. b4 g5 33. Nc3 Kb7 34.
Nxb5 f5 35. Nxd6+ Ka7 36. b5 Rb8 37. Ra6# 1-0

[Event "AUTO-OPEN-2337"]
[Site "http://www.queenalice.com/game.php?id=928135"]
[Date "2011.4.20"]
[Round "1"]
[White "Boeing"]
[Black "AG1"]
[Result "0-1"]
[WhiteElo "1809"]
[BlackElo "1864"]

1. e4 e5 2. Qh5 Nc6 3. Bc4 Qe7 4. Nc3 Nf6 5. Qf3 Nd4 6. Qd3 c6 7. Nf3 d5 8. exd5
Bf5 9. Qf1 Nxc2+ 10. Kd1 Nxa1 11. d3 Nxd5 12. Bxd5 cxd5 13. Nxd5 Qd6 14. Nc3
Bxd3 15. Qe1 Bf1+ 16. Nd2 Bxg2 17. Rg1 Bf3+ 18. Ne2 Qd3 19. Qf1 Qc2+ 20. Ke1
Qxc1+ 21. Nxc1 Nc2# 0-1

[Event "Realengo"]
[Site "http://www.queenalice.com/game.php?id=929419"]
[Date "2011.4.23"]
[Round "1"]
[White "AG1"]
[Black "Gadeglia"]
[Result "1-0"]
[WhiteElo "1822"]
[BlackElo "1893"]

1. e4 e6 2. d4 d5 3. exd5 exd5 4. Nc3 Nf6 5. Bg5 Bb4 6. Qe2+ Be6 7. Qb5+ Nc6 8.
Qxb7 Bxc3+ 9. bxc3 Na5 10. Qb4 Nc4 11. Bxc4 dxc4 12. Nf3 a5 13. Qb5+ Qd7 14.
Qxd7+ Nxd7 15. O-O O-O 16. Bf4 c5 17. Rfd1 Bf5 18. dxc5 Nxc5 19. Rd5 Ne6 20.
Rxf5 g6 21. Rf6 Kg7 22. Be5 Kh6 23. h4 Rae8 24. g4 Nc5 25. Bd6 1-0

[Event "Realengo"]
[Site "http://www.queenalice.com/game.php?id=952550"]
[Date "2011.6.22"]
[Round "2"]
[White "carlospianista"]
[Black "AG1"]
[Result "0-1"]
[WhiteElo "2031"]
[BlackElo "1894"]

1. e4 e5 2. Nf3 Nc6 3. Bc4 Bc5 4. b4 Bxb4 5. c3 Ba5 6. O-O d6 7. d4 Bg4 8. h3
Bh5 9. Qb3 Bb6 10. Ng5 Nh6 11. Bb5 O-O 12. Bxc6 bxc6 13. Be3 exd4 14. cxd4 Bxd4
15. Ne6 fxe6 16. Bxd4 c5 17. Be3 Qf6 18. Nd2 Be2 19. Rfe1 Rfb8 20. Qa3 Nf7 21.
Nb3 Bb5 22. Rab1 Bc6 23. f3 Ne5 24. Na5 Bd7 25. Bd2 Rxb1 26. Rxb1 Nc6 27. Bc3 e5
28. Nxc6 Bxc6 29. Qa5 Qf7 30. Qa6 Be8 31. Ba5 c6 32. Rb7 Qxa2 33. Re7 Qb1+ 34.
Kh2 Qb8 35. Rb7 Qc8 36. Bc3 Bf7 37. Ba5 d5 38. exd5 cxd5 39. Qb5 Be8 40. Qb2 Bc6
41. Rc7 Qe6 42. f4 Re8 43. fxe5 d4 44. Qe2 c4 45. Qg4 Qxe5+ 46. Kh1 Bd5 47. Qd7
h5 48. Rc5 Bxg2+ 49. Kxg2 Qe2+ 50. Kg1 Qd1+ 51. Kf2 Re2+ 52. Kg3 Qg1+ 53. Kf4
Qe3+ 54. Kf5 Rf2+ 55. Kg6 Qh6# 0-1

[Event "AUTO-ADV-2404"]
[Site "http://www.queenalice.com/game.php?id=1027117"]
[Date "2012.2.6"]
[Round "1"]
[White "AG1"]
[Black "Santista38"]
[Result "0-1"]
[WhiteElo "1765"]
[BlackElo "1812"]

1. e4 e5 2. Nf3 d6 3. d4 exd4 4. Nxd4 Bd7 5. Nc3 Nc6 6. Nxc6 Bxc6 7. Qf3 Qe7 8.
Be3 Nf6 9. Bd3 O-O-O 10. Nd5 Bxd5 11. exd5 Qe5 12. O-O Qxb2 13. Bxa7 b6 14. Ba6+
Kd7 15. Rab1 Qxc2 16. Bb5+ c6 17. dxc6+ Kc7 18. Bxb6+ Kxb6 19. Bd3+ Qxb1 0-1

[Event "AUTO-ADV-2404"]
[Site "http://www.queenalice.com/game.php?id=1027118"]
[Date "2012.2.6"]
[Round "1"]
[White "Santista38"]
[Black "AG1"]
[Result "1-0"]
[WhiteElo "1784"]
[BlackElo "1781"]

1. d4 Nf6 2. Bf4 e6 3. Nc3 Be7 4. e3 O-O 5. Nf3 Nh5 6. Qd3 Nxf4 7. exf4 d5 8.
Ne5 c5 9. dxc5 Bxc5 10. Qb5 Bd4 11. Qd3 Qb6 12. Na4 Bxf2+ 13. Ke2 Qd4 14. Qxd4
Bxd4 15. Nf3 Bf6 16. c3 Nc6 17. Kd2 b6 18. Bb5 Ne7 19. Ne5 Bxe5 20. fxe5 1-0